000 00578nam a2200229Ia 4500
003 OSt
005 20220918174641.0
006 a|||||r|||| 00| 0
007 ta
008 220917b |||||||| |||| 00| 0 eng d
024 _a13,309
037 _cTextual
040 _aARTS
_cARTS
_beng
041 _2eng
_aeng
082 _aN173:9T, H9
245 0 _aAmerican school buildings
260 _aAmerica
_bAmerican Association Of School USA
_c1949
300 _a336p
_ccm.
650 _aARTS
942 _hN173:9T, H9
_cTEXL
_2CC
999 _c154072
_d154072